MF DOOM Lyrics Quiz #1 - Statistics

General Stats
  • This quiz has been taken 292 times
  • The average score is 2 of 12
Answer Stats
Lyric Song % Correct
Rapping and dancing like Red Head Kingpin One Beer
61%
1 for the money, 2 for the better green, 34-Methyl​enedioxy​methamphetamine All Outta Ale
40%
His own biggest fan, And got a fanbase as big as Japan Fazers
34%
I kid you not on the dotted line signed ever since a minor kids considered him some kind of Einstein Great Day
26%
They say he wear a metal mask in case his face show Kon Queso
22%
You make me wanna eat you, every time I see you it’s like the first time I meet you My Favorite Ladies
15%
Studied black magic for years out in no-mans land The Drop
13%
And she was tortured some say post mortem, the suspect took his own life before they caught him ABSOLUTELY
10%
Feel like number 26 on a roulette wheel The Finest
8%
Throwing divine rules to come through, we will over charge you Dead Bent
7%
Him could squeeze blood from a penny in the recession MICROWAVE MAYO
7%
With blatant disregard for life like Hiroshima Nagasaki Drop The Bomb
5%
No matching quizzes found
Score Distribution
Percent of People with Each Score
Percentile by Number Answered
Your Score History
You have not taken this quiz